[Event "30th Liechtenstein Open 2012"]
[Site "Triesen LIE"]
[Date "2012.05.15"]
[Round "5.9"]
[White "Cebalo,M"]
[Black "Grabher,H"]
[Result "0-1"]
[WhiteElo "2437"]
[BlackElo "2246"]

1.c4 e5 2.g3 c6 3.d4 Bb4+ 4.Bd2 Bxd2+ 5.Qxd2 d6 6.Nc3 Nf6 7.Bg2 Qe7 8.e3 O-O
9.Nge2 a6 10.O-O Ra7 11.a4 a5 12.h3 Na6 13.g4 Nb4 14.Ng3 g6 15.f4 Ne8 16.f5 Qh4
17.Rf3 b6 18.Raf1 f6 19.d5 cxd5 20.Nxd5 Bb7 21.Ne4 Bxd5 22.cxd5 Rc7 23.Nc3 Rc5
24.R1f2 Rf7 25.Kh2 g5 26.Rg3 Qh6 27.Qd1 Rfc7 28.Bf1 Rc8 29.Bb5 Qg7 30.h4 gxh4
31.Rh3 Nc7 32.g5 fxg5 33.f6 Qg6 34.Bd7 Rf8 35.Bf5 Qh6 36.Ne4 Kh8 37.Qg4 Nbxd5
38.Nxc5 Nxf6 39.Qc4 bxc5 40.Rhf3 e4 41.Bxe4 Ng4+ 42.Kg1 Nxf2 43.Qc3+ Kg8
44.Kxf2 Rxf3+ 45.Bxf3 Qg7 46.Qxa5 Qxb2+ 47.Be2 Ne6 48.Qa8+ Kg7 49.Qd5 Kf6
50.Qxd6 g4 51.Kf1 g3 52.Qc6 Ke5 53.Qf3 Qa1+ 54.Kg2 Qxa4 55.Qh5+ Kd6 56.Qxh7 Qa2
57.Qh5 Qd5+  0-1

[Event "Serbia Cup Final 2012"]
[Site "Kragujevac SRB"]
[Date "2012.05.16"]
[Round "3"]
[White "Milosevic,A"]
[Black "Rabrenovic,V"]
[Result "1-0"]
[WhiteElo "2292"]
[BlackElo "2397"]

1.g3 e5 2.c4 d6 3.Bg2 f5 4.Nc3 Nf6 5.d3 Be7 6.Nf3 O-O 7.O-O Qe8 8.c5 Kh8
9.cxd6 cxd6 10.Bg5 Be6 11.Nd2 Nc6 12.e3 Qf7 13.a3 Rac8 14.Rc1 h6 15.Bxf6 Bxf6
16.b4 d5 17.Ne2 g5 18.b5 Na5 19.Qa4 b6 20.d4 e4 21.Rc2 Be7 22.f3 exf3 23.Nxf3 Rxc2
24.Qxc2 Bxa3 25.Ne5 Qh7 26.Qa2 Bb4 27.Bxd5 Bxd5 28.Qxd5 Bd2 29.Qe6 Kg7 30.Nd7 Rf7
31.Qe5+ Kg6 32.Qe6+ Kh5 33.g4+ Kh4 34.Qe5 Kxg4 35.Qg3+ Kh5 36.Ne5 g4 37.Nf4+ Kg5
38.Nd5 Rf8 39.h4+  1-0

[Event "30th Liechtenstein Open 2012"]
[Site "Triesen LIE"]
[Date "2012.05.17"]
[Round "7.10"]
[White "Cebalo,M"]
[Black "Jicman,L"]
[Result "1-0"]
[WhiteElo "2437"]
[BlackElo "2189"]

1.c4 e5 2.g3 Nf6 3.Bg2 d5 4.cxd5 Nxd5 5.Nc3 Nb6 6.Nf3 Nc6 7.O-O Be7 8.a3 O-O
9.b4 Re8 10.d3 Bf8 11.Bb2 Nd4 12.Nd2 a5 13.b5 a4 14.e3 Ne6 15.Nc4 Nc5 16.Nxb6 cxb6
17.Bd5 Ra5 18.Bc4 Be6 19.Qe2 Ra8 20.Rad1 Rc8 21.e4 Qd7 22.Rfe1 Nb3 23.Nxa4 Nd4
24.Bxd4 Qxd4 25.Qe3 Qxe3 26.Rxe3 Bxc4 27.dxc4 Rxc4 28.Nxb6 Rd4 29.Rc1 g6
30.Rc7 Re6 31.Nd5 b6 32.Rf3 f5 33.exf5 gxf5 34.Rxf5 Rxd5 35.Rc8 Rxb5 36.Rcxf8+ Kg7
37.R5f7+ Kg6 38.Rf3 e4 39.Rg8+ Kh6 40.Re3 Rbe5 41.Kg2 Rg6 42.Rd8 Rge6 43.h4 Kg6
44.g4 h5 45.g5 Rf5 46.Kg3 Rfe5 47.Rh8 Kg7 48.Rxh5 Ra5 49.f3 Ra4 50.f4 Rd6
51.f5 Rd1 52.f6+ Kg8 53.Kf4 Rf1+ 54.Ke5 Rf3 55.Rxe4 Raxa3 56.Rh6 Ra5+ 57.Ke6 b5
58.Rg6+ Kf8 59.Rg7 Ra6+ 60.Ke5 Rb6 61.Rd4 Re3+ 62.Kf5 b4 63.Rd8+ Re8 64.Rdd7 Re1
65.Kg6  1-0

[Event "ch-CZE 2012"]
[Site "Kouty nad Desnou CZE"]
[Date "2012.05.18"]
[Round "7"]
[White "Pokrupa,M"]
[Black "Vechet,S"]
[Result "1/2-1/2"]
[WhiteElo "2216"]
[BlackElo "2230"]

1.c4 e5 2.g3 Nf6 3.Bg2 Nc6 4.Nc3 Bb4 5.Nd5 Nxd5 6.cxd5 Ne7 7.Nf3 Bd6 8.O-O Nxd5
9.Nxe5 Bxe5 10.Bxd5 c6 11.d4 Bc7 12.Bg2 d5 13.b4 a6 14.Qb3 O-O 15.a4 Re8
16.e3 h5 17.h4 Bg4 18.Re1 Qf6 19.Bd2 g5 20.hxg5  1/2-1/2

[Event "30th Liechtenstein Open 2012"]
[Site "Triesen LIE"]
[Date "2012.05.18"]
[Round "8.10"]
[White "Bezler,R"]
[Black "Paehtz,T sr"]
[Result "0-1"]
[WhiteElo "2216"]
[BlackElo "2438"]

1.c4 e5 2.g3 Nc6 3.Bg2 g6 4.Nc3 Bg7 5.e4 d6 6.Nge2 Be6 7.d3 Qd7 8.Nd5 Nce7
9.d4 c6 10.Nxe7 Nxe7 11.dxe5 Bxe5 12.Qc2 Bh3 13.O-O Bxg2 14.Kxg2 f5 15.Bf4 O-O-O
16.Rad1 Bxf4 17.Nxf4 g5 18.Ne2 f4 19.Qc3 h5 20.Kh1 fxg3 21.Nxg3 h4 22.Ne2 Qe6
23.f3 Rhg8 24.Nd4 Qf7 25.b3 a6 26.Rg1 c5 27.Nc2 Nc6 28.Rd5 Ne5 29.Rf1 g4
30.f4 g3 31.Rd2 Qg6 32.Rg2 Qxe4 33.Qe3 Qc6 34.h3 Ng4 35.Qe6+ Kb8 36.Re1 Nf2+
37.Kg1 Rde8 38.Qf5 Qf3  0-1

[Event "TUR-ALG Friendship w 2012"]
[Site "Ankara TUR"]
[Date "2012.05.19"]
[Round "7"]
[White "Nouali,Djouher"]
[Black "Cemhan,K"]
[Result "0-1"]
[WhiteElo "1756"]
[BlackElo "1941"]

1.c4 e5 2.g3 Nc6 3.Bg2 f5 4.Nc3 Nf6 5.d3 g6 6.Nf3 Bg7 7.e4 d6 8.Qb3 a5 9.Bd2 Nb4
10.Nd5 Nbxd5 11.cxd5 a4 12.Qc4 O-O 13.Rc1 Ne8 14.h4 h6 15.exf5 Bxf5 16.g4 b5
17.Qxb5 Bxg4 18.Nh2 Bd7 19.Qc4 Qf6 20.Be3 Qf7 21.Kd2 Rb8 22.Rc2 Bb5 23.Qg4 Nf6
24.Qe6 Rb7 25.Rhc1 Bd7 26.Qxf7+ Rxf7 27.Rxc7 Rxb2+ 28.R1c2 Rb5 29.Ra7 Nxd5
30.Rxa4 Nxe3 31.Kxe3 d5 32.Ra7 d4+ 33.Kd2 Rxf2+ 34.Kc1 Rxc2+ 35.Kxc2 Bf5
36.Be4 h5 37.Ra8+ Kh7 38.Nf3 Rc5+ 39.Kd2 Bh6+ 40.Ke2 Bxe4 41.Ra7+ Kg8 42.dxe4 Rc2+
43.Kd3 Rc3+ 44.Ke2 Re3+ 45.Kf2 Rxe4 46.Ra5 Bf4 47.Rd5 Kf7 48.Ng5+ Bxg5 49.hxg5 Ke6
50.Rd8 Kf5 51.a4 d3 52.Rxd3 Rxa4  0-1

[Event "Salento Open 2012"]
[Site "Gallipoli ITA"]
[Date "2012.05.21"]
[Round "4"]
[White "Ambrosanio,R"]
[Black "Quaranta,C"]
[Result "0-1"]
[WhiteElo "1967"]
[BlackElo "2088"]

1.c4 e5 2.g3 f5 3.Bg2 Nf6 4.Nc3 d6 5.Nh3 Be7 6.d4 c6 7.O-O O-O 8.dxe5 dxe5
9.Qc2 Qe8 10.a3 Qh5 11.f3 Be6 12.b3 f4 13.g4 Bc5+ 14.Nf2 Qh4 15.Ne4 Nxe4
16.Qxe4 Bd4 17.Ra2 Nd7 18.Qc2 h5 19.Qg6 Bf7 20.Qf5 Rad8 21.gxh5 Bxc4 22.Qh3 Qxh3
23.Bxh3 Bxb3 24.Rd2 Nf6 25.Kh1 Bxf2 26.Rxf2 Rxd2 27.Bxd2 Kf7 28.e4 Be6 29.Bf1 Rd8
30.Bc3 Rd1 31.Kg2 Nd7 32.Rb2 b6 33.a4 Bh3+ 34.Kxh3 Rxf1 35.Kg4 Ke6 36.Rg2 Nf6+
37.Kg5 Rxf3 38.Bb4 c5 39.Be1 Rh3 40.Kg6 Rxh5 41.h4 Rh8 42.Rc2 Nxe4 43.Kxg7 Rd8
44.h5 Nf6 45.Rh2 Rg8+  0-1

[Event "Caissa IM May 2012"]
[Site "Kecskemet HUN"]
[Date "2012.05.21"]
[Round "3.3"]
[White "Farkas,Ti"]
[Black "Vamos,V"]
[Result "1/2-1/2"]
[WhiteElo "2249"]
[BlackElo "2232"]

1.c4 e5 2.g3 Nc6 3.Bg2 f5 4.Nc3 Nf6 5.e3 Bb4 6.Nge2 Bxc3 7.Nxc3 O-O 8.d3 d6
9.O-O Qe8 10.Rb1 Be6 11.b4 Qh5 12.Qxh5 Nxh5 13.b5 Nd8 14.Nd5 Bxd5 15.cxd5 Nf6  1/2-1/2

[Event "50th ch-IND Challengers 2012"]
[Site "Tirupati IND"]
[Date "2012.05.21"]
[Round "5.20"]
[White "Das,Say"]
[Black "Rishi,S"]
[Result "1-0"]
[WhiteElo "2251"]
[BlackElo "2066"]

1.c4 e5 2.g3 Nf6 3.Bg2 Nc6 4.Nc3 g6 5.e4 d6 6.Nge2 Bg7 7.O-O O-O 8.d3 Nh5
9.Nd5 Ne7 10.Bg5 f6 11.Be3 c6 12.Nxe7+ Qxe7 13.Qd2 f5 14.exf5 Bxf5 15.d4 Nf6
16.Nc3 Ng4 17.Bg5 Qf7 18.d5 c5 19.Nb5 Qd7 20.h3 Nf6 21.Bxf6 Rxf6 22.g4 Bxg4
23.hxg4 Qxg4 24.Rac1 e4 25.Rfe1 Rf3 26.Nxd6 Rxf2 27.Qxf2 Bd4 28.Nxe4 Bxf2+
29.Nxf2 Qf4 30.Ne4 Rf8 31.Rcd1 b6 32.Rd3 Qh4 33.Red1 Rf4 34.d6 Rxe4 35.Bxe4 Qxe4
36.d7 Qg4+ 37.Kf1 Qf4+ 38.Ke1 Qe5+ 39.Kf2 Qh2+ 40.Ke3 Qe5+ 41.Kf3 Qh5+ 42.Kg3 Qe5+
43.Kg2 Qe2+ 44.Kg1 Qg4+ 45.Kf2 Qh4+ 46.Rg3 Qh2+ 47.Rg2 Qf4+ 48.Ke1 Qh4+ 49.Rf2 Qe7+
50.Re2 Qh4+ 51.Kd2 Qd4+ 52.Kc1 Qxc4+ 53.Rc2 Qf4+ 54.Kb1  1-0

[Event "50th ch-IND Challengers 2012"]
[Site "Tirupati IND"]
[Date "2012.05.22"]
[Round "7.14"]
[White "Anurag,M"]
[Black "Dhar,R"]
[Result "1/2-1/2"]
[WhiteElo "2295"]
[BlackElo "2158"]

1.c4 e5 2.g3 Nc6 3.Bg2 g6 4.Nc3 Bg7 5.e3 d6 6.Nge2 Be6 7.d3 Qd7 8.Nd5 Nd8
9.e4 c6 10.Ne3 Bh3 11.O-O Bxg2 12.Kxg2 Ne7 13.f4 f5 14.c5 dxc5 15.fxe5 Bxe5
16.Qb3 fxe4 17.dxe4 Ne6 18.Ng4 Bg7 19.Bh6 O-O-O 20.Rad1 Bd4 21.Ne5 Qd6 22.Nf7 Qd7
23.Nxh8 Rxh8 24.Rf7 Nd8 25.Rf3 Re8 26.Qa4 Nf5 27.Bf4 Rxe4 28.Qxa7 Rxe2+  1/2-1/2

[Event "50th ch-IND Challengers 2012"]
[Site "Tirupati IND"]
[Date "2012.05.24"]
[Round "9.21"]
[White "Anurag,M"]
[Black "Abhilash,R"]
[Result "0-1"]
[WhiteElo "2295"]
[BlackElo "2133"]

1.c4 e5 2.g3 Nf6 3.Bg2 d6 4.Nc3 c6 5.d3 Be7 6.Nf3 Nbd7 7.O-O O-O 8.e4 Re8
9.h3 a6 10.g4 Nf8 11.Ne2 b5 12.Ng3 Ne6 13.d4 Qc7 14.g5 Nd7 15.Nf5 Bf8 16.d5 cxd5
17.cxd5 Nec5 18.Nh2 a5 19.Kh1 b4 20.Rg1 g6 21.Nh6+ Bxh6 22.gxh6 Nf6 23.Re1 Nh5
24.Bf3 Nf4 25.Bxf4 exf4 26.Qd4 f6 27.Qxf6 Nd3 28.Rf1 Bxh3 29.Bg4 Bxg4 30.Nxg4 Rf8
31.Qg5 Ra7 32.Rad1 Qc2 33.Kg1 Raf7 34.b3 Qe2 35.f3 Rc7 36.Qh4 Rc2 37.Qh2 Qxh2+
38.Nxh2 Ne5 39.Rc1 Rfc8 40.Rxc2 Rxc2 41.Rf2 Rc3 42.Kg2 Kf7 43.Nf1 g5 44.Nd2 Kg6
45.Nb1 Rc1 46.Nd2  0-1

[Event "50th ch-IND Challengers 2012"]
[Site "Tirupati IND"]
[Date "2012.05.26"]
[Round "11.19"]
[White "Sagar,S"]
[Black "Gokhale,C"]
[Result "1-0"]
[WhiteElo "2301"]
[BlackElo "2218"]

1.c4 e5 2.g3 Nf6 3.Bg2 c6 4.d4 d6 5.Nc3 Nbd7 6.e4 g6 7.Nf3 Bg7 8.O-O O-O
9.h3 Re8 10.Be3 exd4 11.Nxd4 Nc5 12.Qc2 a5 13.Rad1 Qc7 14.Ndb5 cxb5 15.Nxb5 Qe7
16.Nxd6 Nfd7 17.Nxe8 Qxe8 18.f4 Ra6 19.Rfe1 Kh8 20.e5 Re6 21.Rd5 Bf8 22.Qd2 b6
23.Kh2 Rc6 24.Rd1 Rc7 25.h4 Ne6 26.Bh3 Bb4 27.Qd3 Bc5 28.Bxc5 Nexc5 29.Qd2 Ne6
30.b3 Qe7 31.Rd6 Kg7 32.h5 Nef8 33.Qd4 Kg8 34.h6 Ne6 35.Qd2 Nef8 36.Qe3 Ne6
37.f5 gxf5 38.Bxf5 Nef8 39.e6 Bb7 40.Qf4 fxe6 41.Re1 e5 42.Qg4+ Kh8 43.Red1 Bc8
44.Qh4 Qxh4+ 45.gxh4 a4 46.Rg1 axb3 47.axb3 Nc5 48.Rd8  1-0

[Event "Albena Masters Open 2012"]
[Site "Albena BUL"]
[Date "2012.05.27"]
[Round "2.45"]
[White "Soyunlu,N"]
[Black "Mackowiak,M"]
[Result "1/2-1/2"]
[WhiteElo "1821"]
[BlackElo "2192"]

1.c4 e5 2.g3 g6 3.Bg2 Bg7 4.Nc3 Ne7 5.e3 Nbc6 6.Rb1 a5 7.Nge2 d6 8.O-O O-O
9.d3 Be6 10.Nd5 Qd7 11.Nec3 Nd8 12.Nxe7+ Qxe7 13.Nd5 Qd7 14.Qc2 Ra7 15.b4 axb4
16.Rxb4 c6 17.Nb6 Qe7 18.Bd2 f5 19.f4 Ra6 20.Rfb1 g5 21.Bc3 exf4 22.gxf4 Bxc3
23.Qxc3 Rxa2 24.R4b2 Rxb2 25.Qxb2 gxf4 26.exf4 Qf6 27.Qxf6 Rxf6 28.Kf2 Kf7
29.d4 Kg7 30.Re1 Bg8 31.Re8 Rf8 32.Re7+ Rf7 33.Re8 Rf8 34.Re7+ Rf7 35.Re8  1/2-1/2

[Event "Albena Masters Open 2012"]
[Site "Albena BUL"]
[Date "2012.05.30"]
[Round "5.20"]
[White "Shalamberidze,A"]
[Black "Thejkumar,M"]
[Result "1/2-1/2"]
[WhiteElo "2333"]
[BlackElo "2450"]

1.c4 e5 2.g3 Nf6 3.Bg2 d5 4.cxd5 Nxd5 5.Nc3 Nb6 6.Nf3 Nc6 7.d3 Be7 8.b3 O-O
9.Bb2 Be6 10.O-O f5 11.e3 Bf6 12.a3 Qd7 13.Qc2 Rad8 14.Rfd1 Na5 15.b4 Bb3
16.Qe2 Bxd1 17.Rxd1 Nc6 18.Bh3 g6 19.Ne4 Bg7 20.Nc5 Qe7 21.Nxb7 Rb8 22.Nc5 a5
23.Na6 Ra8 24.b5 Nd8 25.Rc1 Rc8 26.e4 c6 27.exf5 gxf5 28.Qe3 Nd5 29.Qc5 Ne6
30.Qxe7 Nxe7 31.b6 Ra8 32.Nc5 Nxc5 33.Rxc5 Rab8 34.Bxe5 Rxb6 35.Bd6 Bf6 36.Rxa5 Rb5
37.Ra6 Rd8 38.Bxe7 Bxe7 39.d4 c5 40.Ra7 Bf6 41.dxc5 Rxc5 42.Bf1 Rc3 43.Kg2 Rd1
44.Bb5 Ra1 45.a4 Raa3 46.Ne1 Ra2 47.Rd7 f4 48.Nd3 fxg3 49.hxg3 Rd2 50.Kf3 Rc8
51.Kg2 Rd8 52.Rxd8+ Bxd8 53.Ne5 Kg7 54.g4  1/2-1/2

[Event "Alushta Summer 1 2012"]
[Site "Alushta UKR"]
[Date "2012.06.06"]
[Round "6"]
[White "Solovchuk,A"]
[Black "Belikov,V"]
[Result "1-0"]
[WhiteElo "2400"]
[BlackElo "2476"]

1.c4 e5 2.g3 Nf6 3.Bg2 Nc6 4.Nc3 Bb4 5.Nd5 Be7 6.b3 O-O 7.Bb2 d6 8.Nxe7+ Qxe7
9.Nf3 Bg4 10.O-O Rae8 11.h3 Bc8 12.d3 e4 13.dxe4 Nxe4 14.Nd4 f5 15.e3 Nxd4
16.Qxd4 b6 17.Kh2 Bb7 18.f3 Nc5 19.Rae1 a5 20.Qd2 Rf7 21.Bd4 Ne6 22.Bc3 Nc5
23.Bh1 Qd7 24.Rg1 Ref8 25.Ref1 Qe7 26.Re1 Qd7 27.Re2 Qd8 28.Bb2 Qa8 29.Rf2 Qd8
30.Qc3 Qd7 31.Re2 Re8 32.g4 f4 33.Rge1 Rfe7 34.Bg2 Re6 35.Kg1 Qf7 36.Qd2 Qe7
37.Bd4 Nd7 38.Kf2 Qh4+ 39.Kf1 fxe3 40.Rxe3 Rxe3 41.Rxe3 Rxe3 42.Qxe3 Kf7
43.Qf4+ Kg8 44.Qe3 Kf7 45.Bc3 Qg3 46.Qg5 Ne5 47.Qf5+ Kg8 48.Be1 Qh2 49.Bh4 h6
50.Bf2 Bc6 51.Qe6+ Kh7 52.Qf5+ Kg8 53.Bd4 Qg3 54.Bf2 Qh2 55.h4 Bd7 56.Qe4 Bc6
57.Qe3 Kh7 58.g5 h5 59.Be1 Ng6 60.Qd3 Qxg2+  1-0

[Event "Alushta Summer 1 2012"]
[Site "Alushta UKR"]
[Date "2012.06.07"]
[Round "8"]
[White "Solovchuk,A"]
[Black "Iljin,T"]
[Result "1-0"]
[WhiteElo "2400"]
[BlackElo "2482"]

1.c4 e5 2.g3 c6 3.Nf3 e4 4.Nd4 d5 5.cxd5 cxd5 6.Bg2 Qb6 7.Nc2 Nf6 8.O-O Be7
9.Nc3 O-O 10.d3 Rd8 11.Be3 Qa6 12.dxe4 dxe4 13.Qe1 Bf5 14.Nd4 Bg6 15.Ndb5 Rc8
16.Bh3 Nbd7 17.Rd1 Qc6 18.Nxa7 Rxa7 19.Bxa7 b6 20.Bxd7 Nxd7 21.Nd5 Bg5 22.h4 Bd8
23.Qb4 Ra8 24.Ne7+ Bxe7 25.Qxe7 Rxa7 26.Qe8+ Nf8 27.Qxc6 f5 28.Rd8 Rf7 29.Qd5 h5
30.Rxf8+ Kh7 31.Rxf7 Bxf7 32.Qxf7 Kh6 33.Rd1 g6 34.Rd7 e3 35.Qf8+  1-0

[Event "5th Mayors Cup 2012"]
[Site "Mumbai IND"]
[Date "2012.06.08"]
[Round "2.22"]
[White "Anwesh,U"]
[Black "Raghunandan,K"]
[Result "1-0"]
[WhiteElo "2413"]
[BlackElo "1993"]

1.c4 e5 2.g3 Nf6 3.Bg2 c6 4.d4 Bb4+ 5.Bd2 Bxd2+ 6.Qxd2 exd4 7.Qxd4 d5 8.cxd5 cxd5
9.Nc3 Be6 10.Rd1 Qa5 11.Qd2 Qb6 12.Nxd5 Bxd5 13.Bxd5 Nxd5 14.Qxd5 O-O 15.Qb3 Qa5+
16.Kf1 Qa6 17.Nf3 Nc6 18.Kg2 Qxe2 19.Rhe1 Qa6 20.Rd7 Na5 21.Qd5 Rac8 22.Ng5 Qc6
23.Qxc6 Rxc6 24.b4 h6 25.Nf3 Nc4 26.Rxb7 Ra6 27.Re2 Nd6 28.Rd7 Rb8 29.Rb2 Nc4
30.Re2 Rxb4 31.Re8+ Kh7 32.Rxf7 Rxa2 33.Ree7 Rbb2 34.Nh4  1-0

[Event "5th Mayors Cup 2012"]
[Site "Mumbai IND"]
[Date "2012.06.09"]
[Round "4.22"]
[White "Anwesh,U"]
[Black "Das,Say"]
[Result "0-1"]
[WhiteElo "2413"]
[BlackElo "2251"]

1.c4 e5 2.g3 Nc6 3.Nc3 d6 4.Bg2 Be6 5.Nd5 Qd7 6.d3 g6 7.h4 h6 8.Bd2 Bg7 9.Qc1 f5
10.e3 Nd8 11.Ne2 c6 12.Ndc3 Nf7 13.b3 Ne7 14.d4 e4 15.Nf4 g5 16.Nh5 O-O 17.hxg5 hxg5
18.Qb2 d5 19.O-O-O Bh8 20.cxd5 cxd5 21.Bf1 Nd6 22.Be2 Ng6 23.Rh2 b5 24.Rdh1 Rfc8
25.Kb1 a5 26.g4 f4 27.exf4 Bxd4 28.fxg5 Rf8 29.Be3 Be5 30.Qd2 d4 31.Bxd4 Nc4
32.Bxc4 bxc4 33.Ne2 cxb3 34.a3 Bc4 35.Qb2 Bxh2 36.Nf6+ Rxf6 37.gxf6 Bxe2
38.Rxh2 Bd3+ 39.Ka1 Qf7 40.Qc1 Rd8 41.Bb2 Bc2 42.Rh1 Rd5 43.Bc3 a4 44.Kb2 Rd3
45.Qg5 Rd5 46.Qh6 Rd1 47.Rxd1 Bxd1 48.Qg5 Bf3 49.Qf5 Nf8 50.g5 Qg6 51.Qd5+ Qf7
52.Qf5 Qc4 53.f7+ Qxf7 54.Qe5 Ng6 55.Qd4 Bg4 56.Qd8+ Nf8 57.Qd4 Ng6 58.Qd8+ Kh7
59.Qd4 Bd7 60.Ka1 Bf5 61.Qxa4 Qd5 62.Kb2 Be6 63.Qa7+ Bf7 64.Qc7 Qc4 65.Qh2+ Kg8
66.Qb8+ Nf8 67.Qd8 Qe2+ 68.Qd2 Qxd2+ 69.Bxd2 Nd7 70.Be3 Ne5 71.a4 Nc4+  0-1

[Event "11th TCh-BIH Premier"]
[Site "Jahorina BIH"]
[Date "2012.06.10"]
[Round "9.5"]
[White "Tomic,Bos"]
[Black "Rasidovic,S"]
[Result "1/2-1/2"]
[WhiteElo "2418"]
[BlackElo "2359"]

1.c4 e5 2.g3 Nf6 3.Bg2 d5 4.cxd5 Nxd5 5.Nc3 Nb6 6.d3 Nc6 7.Be3 Be6 8.Rc1 Be7
9.Nf3 O-O 10.O-O f6  1/2-1/2

[Event "5th Mayors Cup 2012"]
[Site "Mumbai IND"]
[Date "2012.06.10"]
[Round "6.14"]
[White "Vishnu,P"]
[Black "Sahu,V"]
[Result "1-0"]
[WhiteElo "2431"]
[BlackElo "2148"]

1.c4 e5 2.g3 Nc6 3.Nc3 g6 4.Bg2 Bg7 5.Rb1 a5 6.a3 d6 7.b4 axb4 8.axb4 Bf5
9.d3 Qd7 10.b5 Nd8 11.Nd5 Be6 12.b6 Bxd5 13.cxd5 c6 14.e4 cxd5 15.exd5 Ne7
16.Qb3 O-O 17.Ne2 f5 18.O-O Nf7 19.f4 Kh8 20.Be3 g5 21.fxg5 h6 22.gxh6 Nxh6
23.Rbc1 f4 24.gxf4 Qg4 25.Rf3 Nef5 26.Bf2 exf4 27.d4 Rg8 28.Kh1 Bf6 29.Bh3 Ng3+
30.Bxg3 Qxh3 31.Nxf4 Qg4 32.Ne6 Qe4 33.Qe3 Qxe3 34.Rxe3 Nf5 35.Rf3 Nxg3+
36.hxg3 Bd8 37.Nxd8 Raxd8 38.Rc7 Rg7 39.Rfc3 Rg4 40.Rxb7 Rxd4 41.Rbc7  1-0

[Event "26th Pula Open"]
[Site "Pula CRO"]
[Date "2012.06.10"]
[Round "2.10"]
[White "Lizak,P"]
[Black "Karabaic,I"]
[Result "1-0"]
[WhiteElo "2423"]
[BlackElo "2148"]

1.c4 e5 2.g3 f5 3.Bg2 Nf6 4.Nc3 d6 5.d3 Be7 6.e4 fxe4 7.dxe4 O-O 8.Nge2 Qe8
9.O-O Qh5 10.f3 Nc6 11.Be3 Be6 12.Nd5 Bd8 13.Qd2 Qg6 14.b4 b6 15.Rac1 Ne7
16.Nxf6+ Rxf6 17.f4 Bg4 18.Nc3 Qh5 19.Nd5 Rf8 20.fxe5 Rxf1+ 21.Rxf1 Qxe5
22.Qf2 Kh8 23.Bd4 Qg5 24.e5 Rc8 25.Nxb6 axb6 26.Qf8+ Ng8 27.Qxg8+  1-0

[Event "ch-FIN 2012"]
[Site "Helsinki FIN"]
[Date "2012.06.12"]
[Round "2"]
[White "Torkkola,Henri"]
[Black "Norri,J"]
[Result "1/2-1/2"]
[WhiteElo "2127"]
[BlackElo "2334"]

1.c4 e5 2.g3 Nf6 3.Bg2 c6 4.d4 exd4 5.Qxd4 d5 6.Nf3 Be7 7.O-O O-O 8.Nc3 Be6
9.Ng5 Re8 10.Nxe6 fxe6 11.cxd5 exd5 12.b3 Nbd7 13.Bb2 Bc5 14.Qd2 Qe7 15.e3 Ne5
16.h3 Rad8 17.Qc2 Rf8 18.Ne2 Bd6 19.Nf4 g5 20.Nd3 Ng6 21.Bd4 a6 22.b4 Ne4
23.Nc5 Nxc5 24.bxc5 Bb8 25.Rab1 Rf7 26.Rfe1 Ne5 27.f4 Nc4 28.e4 Na3 29.Qc1 Nxb1
30.exd5 Qf8 31.d6 gxf4 32.Qxb1 f3 33.Re4 Qh6 34.Bf1 Qd2 35.Be3 f2+ 36.Kg2 Qd5
37.Kh2 Rdf8 38.Bd4 Rd8 39.Qd3 b6 40.Qe3 bxc5 41.Re5 Qxd4 42.Qg5+ Kf8 43.Qxd8+  1/2-1/2

[Event "26th Pula Open"]
[Site "Pula CRO"]
[Date "2012.06.12"]
[Round "5.13"]
[White "Tratar,M"]
[Black "Stanetzek,C"]
[Result "1/2-1/2"]
[WhiteElo "2503"]
[BlackElo "2227"]

1.c4 e5 2.g3 Nf6 3.Bg2 Nc6 4.Nc3 Bb4 5.Nd5 Nxd5 6.cxd5 Ne7 7.Nf3 Bd6 8.d4 e4
9.Ne5 Nxd5 10.Qb3 c6 11.Bxe4 O-O 12.Bxd5 Qa5+ 13.Bd2 Qxd5 14.Qxd5 cxd5 15.Nd3 Re8
16.Bf4 Be7 17.h4 b6 18.Rc1 f6 19.Kd2 Bb7 20.g4 Rac8 21.Rxc8 Rxc8 22.Rc1 Rxc1
23.Kxc1 Bd8 24.Bb8 a5 25.h5 Kf7 26.Kd2 g6 27.hxg6+ hxg6 28.Nf4 Bc6 29.Bd6 Bb7
30.a4 Bc6 31.b3 Bb7 32.e3 Bc6 33.f3 Bb7 34.Ne2 Ke6 35.Bg3 Bc6 36.Nc3 f5 37.g5 Kf7
38.Bf4 Ke6 39.Ke2 Kf7 40.Kd1 Ke7 41.Ke1 Kf7 42.Ke2 Ke7 43.Kf2 Kf7 44.Kg3 Ke7
45.Be5 Ke6 46.Kh4 Kf7 47.Bb8 Ke6 48.Ne2 Kf7 49.Nf4 b5 50.axb5 Bxb5 51.Bd6 a4
52.bxa4 Bxa4 53.Nxd5 Bc6 54.e4 fxe4 55.fxe4 Bxd5 56.exd5 Ba5 57.Be5 Bd2 58.Bf6 Bf4
59.Kg4 Bd6 60.Be5 Bb4 61.Kf3 Ke7 62.Ke4 d6 63.Bf4  1/2-1/2

[Event "26th Pula Open"]
[Site "Pula CRO"]
[Date "2012.06.14"]
[Round "7.15"]
[White "Cebalo,M"]
[Black "Stanetzek,C"]
[Result "0-1"]
[WhiteElo "2437"]
[BlackElo "2227"]

1.c4 e5 2.g3 Nf6 3.Bg2 Nc6 4.Nc3 Bc5 5.Nf3 d6 6.O-O O-O 7.a3 a5 8.d3 h6 9.b3 Bf5
10.Bb2 Qd7 11.Nd5 Nxd5 12.cxd5 Nd4 13.Nxd4 exd4 14.Rc1 Rfe8 15.Rc4 b5 16.Rc2 Re7
17.Qa1 Rae8 18.Bf3 Bh3 19.Bxd4 Qf5 20.Bxc5 Rxe2 21.Bxe2 Rxe2  0-1

[Event "16th Voronezh Master Open"]
[Site "Voronezh RUS"]
[Date "2012.06.15"]
[Round "4.25"]
[White "Gritsenko,V"]
[Black "Golovin,Leo"]
[Result "0-1"]
[WhiteElo "2268"]
[BlackElo "2486"]

1.c4 e5 2.g3 Nc6 3.Bg2 Nf6 4.Nc3 Bb4 5.d3 O-O 6.e4 a6 7.Ne2 Bc5 8.h3 Rb8
9.a3 b5 10.Nd5 h6 11.b4 Ba7 12.Be3 Bxe3 13.fxe3 Ne8 14.O-O d6 15.Rc1 Ne7
16.cxb5 axb5 17.Qe1 Ng6 18.Kh2 Bd7 19.Ng1 Ra8 20.Ra1 c6 21.Nc3 Nf6 22.Nf3 Qe7
23.Nd2 Be6 24.d4 Ra6 25.d5 Bd7 26.Nb3 cxd5 27.Nxd5 Nxd5 28.exd5 f5 29.Na5 Qg5
30.Rc1 Ra7 31.h4 Qf6 32.h5 Ne7 33.Qd2 Qg5 34.Nc6 Rxa3 35.Rc3 Rxc3 36.Qxc3 Qxh5+
37.Kg1 Ng6 38.Qd3 Qg5 39.Kh2 Kh8 40.Qxb5 f4 41.exf4 exf4 42.Qd3 Bg4 43.Kg1 Bf5
44.Qd2 Qxg3 45.Qf2 Qg5 46.Kh2 Nh4 47.Bf3 Nxf3+ 48.Qxf3 Bg4 49.Qe4 f3 50.Qe7 Qd2+  0-1

[Event "26th Pula Open"]
[Site "Pula CRO"]
[Date "2012.06.16"]
[Round "9.23"]
[White "Cebalo,M"]
[Black "Salmoiraghi,A"]
[Result "1-0"]
[WhiteElo "2437"]
[BlackElo "2178"]

1.c4 e5 2.g3 Nf6 3.Bg2 h6 4.b3 Bc5 5.Bb2 O-O 6.Nc3 Re8 7.a3 a5 8.e3 c6 9.Rc1 Qe7
10.Nb1 d6 11.Ne2 Bg4 12.h3 Bh5 13.g4 Bg6 14.d3 Na6 15.Ng3 d5 16.cxd5 cxd5
17.O-O d4 18.exd4 Bxd4 19.Bxd4 exd4 20.Rc4 Rad8 21.Qc2 Nd5 22.Bxd5 Rxd5 23.Rc1 Nc5
24.Rxc5 Rxc5 25.Qxc5 Qxc5 26.Rxc5 Re1+ 27.Kg2 Rxb1 28.Rb5 Bxd3 29.Rxb7 Bc2
30.b4 axb4 31.Rxb4 Rxb4 32.axb4 Kf8 33.Kf3 Ke7 34.Nf5+ Kf6 35.Nxd4 Bd1+ 36.Ke4 h5
37.f3 hxg4 38.hxg4 Ke7 39.Nf5+ Kf6 40.b5 Bc2+ 41.Kd5 Bd3 42.b6 Ba6 43.Nd6  1-0

[Event "65th ch-RUS HL"]
[Site "Tyumen RUS"]
[Date "2012.06.16"]
[Round "1"]
[White "Khismatullin,D"]
[Black "Mokshanov,A"]
[Result "1-0"]
[WhiteElo "2664"]
[BlackElo "2429"]

1.c4 e5 2.g3 Nf6 3.Bg2 Nc6 4.Nc3 Bb4 5.Nd5 Bc5 6.e3 d6 7.Ne2 Nxd5 8.cxd5 Ne7
9.d4 Bb6 10.O-O c6 11.dxc6 Nxc6 12.b4 O-O 13.b5 Na5 14.Ba3 Re8 15.Nc3 Be6
16.dxe5 dxe5 17.Bb4 Rc8 18.Qh5 Rc4 19.Bxa5 Bg4 20.Bxb6 axb6 21.Qh4 g5 22.Qxg4 Rxg4
23.e4 Kg7 24.Rfd1 Qc7 25.Nd5 Qc5 26.Rac1 Qa3 27.Ne3 h5 28.h3 Rf4 29.gxf4 exf4
30.Nf5+ Kf8 31.Rc7 f3 32.Rdd7 Re6 33.Rxf7+ Kg8 34.Rg7+ Kf8 35.Rh7 Qb2 36.Bxf3 g4
37.hxg4 h4 38.Kg2 h3+ 39.Kxh3 Qe5 40.Kg2 Qb2 41.Rcg7  1-0

[Event "Teplice Open 2012"]
[Site "Teplice CZE"]
[Date "2012.06.19"]
[Round "4.33"]
[White "Valenta,P"]
[Black "Mikes,J"]
[Result "0-1"]
[WhiteElo "1943"]
[BlackElo "2116"]

1.c4 e5 2.g3 Nf6 3.Bg2 d5 4.cxd5 Nxd5 5.Nc3 Nb6 6.b3 Nc6 7.Bb2 Be6 8.Nf3 Be7
9.O-O O-O 10.d3 f5 11.e3 Bf6 12.Qe2 Bf7 13.Bh3 Bg6 14.Rfd1 Re8 15.Ne1 Qe7
16.Rd2 Qf7 17.Bg2 Rad8 18.Bxc6 bxc6 19.e4 Bh5 20.f3 f4 21.g4 Bg6 22.Ba3 h5
23.Rc1 Qd7 24.Bc5 Kf7 25.Qg2 hxg4 26.Qxg4 Qxg4+ 27.fxg4 Rh8 28.Nf3 Ke6 29.Kg2 Rd7
30.Ne2 Rb8 31.Ba3 Rd6 32.h4 Be8 33.Bxd6 cxd6 34.h5 d5 35.Nc3 Bd7 36.g5 Be7
37.Rh1 Rh8 38.Nd1 dxe4 39.dxe4 c5 40.h6 g6 41.Nf2 Bc6 42.Rc1 Nd7 43.b4 Rc8
44.bxc5 Nf8 45.Kh3 Nh7 46.Kg4 Rc7 47.Rb2 Bd7 48.Rb8 Bxc5 49.Nxe5 Kxe5+  0-1

[Event "16th Voronezh Master Open"]
[Site "Voronezh RUS"]
[Date "2012.06.20"]
[Round "8.31"]
[White "Gritsenko,V"]
[Black "Biriukov,N"]
[Result "0-1"]
[WhiteElo "2268"]
[BlackElo "2420"]

1.c4 e5 2.g3 Nf6 3.Bg2 c6 4.Nf3 e4 5.Nd4 d5 6.cxd5 cxd5 7.Nc3 Bc5 8.Nb3 Bb6
9.d3 Ng4 10.d4 h6 11.f3 exf3 12.Bxf3 Nf6 13.O-O O-O 14.Bf4 Nc6 15.Na4 Bh3
16.Re1 Re8 17.Qd3 Re7 18.a3 Ne4 19.Nxb6 Qxb6 20.g4 f5 21.Bd6 Nxd6 22.Bxd5+ Kh8
23.Bxc6 bxc6 24.Qxh3 Rae8 25.e4 fxg4 26.Qd3 Nxe4 27.Rac1 Ng5 28.Rxe7 Rxe7
29.Kg2 Qb8 30.Nd2 Qe8 31.Rf1 Nh7 32.Nc4 Qd8 33.Ne3 Nf6 34.Nf5 Re6 35.Nh4 Qd5+
36.Kg1 Kg8 37.Nf5 c5 38.Rc1 Ne4 39.Qf1 Ng5 40.Rxc5 Qb7 41.d5 Nf3+ 42.Kf2 Qxb2+
43.Kg3 Qxh2+ 44.Kxg4 Ne5+  0-1

[Event "Teplice Open 2012"]
[Site "Teplice CZE"]
[Date "2012.06.22"]
[Round "7.32"]
[White "Riha,Jaroslav"]
[Black "Chmelik,J"]
[Result "0-1"]
[WhiteElo "1945"]
[BlackElo "2069"]

1.c4 e5 2.g3 Nf6 3.Bg2 Nc6 4.Nf3 Bc5 5.O-O O-O 6.Nc3 d6 7.d3 h6 8.a3 a6 9.b4 Ba7
10.Bd2 Be6 11.Qc2 Qd7 12.Rfc1 Rab8 13.Rab1 Rfe8 14.Na4 Bh3 15.Bh1 e4 16.dxe4 Nxe4
17.Be1 Bf5 18.Qd1 Qe7 19.Rb3 Ne5 20.Nd4 Bg6 21.e3 c5 22.bxc5 dxc5 23.Nc2 b5
24.cxb5 axb5 25.Nc3 c4 26.Rbb1 Nxc3 27.Bxc3 Nd3 28.Nb4 Nxf2 29.Kxf2 Qxe3+  0-1